Anagrammes - Prénoms féminins - Série 03 - Statistiques

Statistiques générales
  • Ce quiz a été pris 225 fois
  • Le résultat moyen est 6 sur 10
Statistiques - réponses
Anagramme Prénom % Correct
YONNEV Yvonne
99%
NAINE Annie
91%
JETITULE Juliette
84%
ETHERES Thérèse
80%
SAUNNEZ Suzanne
70%
CERNION Corinne
49%
ENEMOI Noemie
49%
DEBATERENT Bernadette
46%
ELONGEES Segolène
25%
PANHELIONS Alphonsine
15%
Aucun quiz correspondant
Distribution des résultats
% des personnes avec chaque résultat
Percentile par nombre de réponses
Votre historique - résultats
Vous n’avez pas pris ce quiz